书目信息 |
| 题名: |
清奇远致 琴艺卷
|
|
| 作者: | 萧荒 主编 | |
| 分册: | ||
| 出版信息: | 呼和浩特 内蒙古人民出版社 2006 |
|
| 页数: | 123页 | |
| 开本: | 21cm | |
| 丛书名: | ||
| 单 册: | ||
| 中图分类: | J632.31 | |
| 科图分类: | ||
| 主题词: | 古琴--文化--中国 , 古琴 | |
| 电子资源: | ||
| ISBN: | 7-204-08815-8 | |
| 000 | 01103nam0 2200361 450 | |
| 000 | 01068nam0 2200349 450 | |
| 000 | 01031nam0 2200337 450 | |
| 000 | 00992nam0 2200325 450 | |
| 000 | 00954nam0 2200301 450 | |
| 000 | 00917nam0 2200289 450 | |
| 000 | 00879nam0 2200277 450 | |
| 000 | 00805nam0 2200253 45 | |
| 001 | 0120070102501 | |
| 005 | 20080527160058.14 | |
| 010 | @a7-204-08815-8@dCNY19.80 | |
| 092 | @aCN@b578996 | |
| 100 | @a20071025d2006 em y0chiy0120 ea | |
| 101 | 0 | @achi |
| 102 | @aCN@b150000 | |
| 105 | @ay z 000yy | |
| 200 | 1 | @a清奇远致 琴艺卷@Aqing qi yuan zhi qin yi juan@f萧荒主编@Fxiao huang zhu bian |
| 210 | @a呼和浩特@c内蒙古人民出版社@d2006 | |
| 215 | @a123页@d21cm | |
| 300 | @a国学经典——琴棋书画鉴赏 | |
| 330 | @a本书共分为二章,主要内容包括:琴的创制与技法、琴的文化内涵等。 | |
| 606 | 0 | @a古琴@x文化@y中国 |
| 606 | 0 | @a古琴 |
| 690 | @aJ632.31@v4 | |
| 701 | 0 | @a萧荒@Axiao huang@4主编 |
| 801 | 0 | @aCN@bLZJBOOK@c20080527 |
| 905 | @aBZT@dJ632.31@e1 | |
| 906 | @dCNY19.80@n0@r1 | |
| 清奇远致 琴艺卷/萧荒主编.-呼和浩特:内蒙古人民出版社,2006 |
| 123页;21cm |
| 国学经典——琴棋书画鉴赏 |
| ISBN 7-204-08815-8:CNY19.80 |
| 本书共分为二章,主要内容包括:琴的创制与技法、琴的文化内涵等。 |
| ● |
| 相关链接 |
|
|
|
正题名:清奇远致 琴艺卷
索取号:J632.31/1
 
预约/预借
| 序号 | 登录号 | 条形码 | 馆藏地/架位号 | 状态 | 备注 |
| 1 | 664503 | 2000664503 | 中心书库中库/ 中库020架B面5列5层38/ [索取号:J632.31/1] | 在馆 | |
| 2 | 664504 | 2000664504 | 中心书库中库/ 中库020架B面5列5层40/ [索取号:J632.31/1] | 在馆 | |
| 3 | 664505 | 2000664505 | 中心书库中库/ 中库020架B面5列5层24/ [索取号:J632.31/1] | 在馆 | |
| 4 | 664506 | 2000664506 | 中心书库中库/ 中库020架B面5列5层37/ [索取号:J632.31/1] | 在馆 |